[Event "Battle of the Sexes 2022"]
[Site "Gibraltar ENG"]
[Date "2022.02.02"]
[Round "9.7"]
[White "Cramling, Pia"]
[Black "Bwalya, Gillan"]
[Result "1-0"]
[WhiteTitle "GM"]
[BlackTitle "IM"]
[WhiteElo "2452"]
[BlackElo "2410"]
[WhiteTeam "PIA"]
[BlackTeam "SABINO"]
[WhiteFideId "1700030"]
[BlackFideId "8700257"]
[EventDate "2022.01.24"]

1. Nf3 d5 2. d4 e6 3. c4 c5 4. cxd5 exd5 5. g3 Nf6 6. Bg2 Nc6 7. O-O Be7 8. dxc5
Bxc5 9. Bg5 Be6 10. Nc3 d4 11. Bxf6 Qxf6 12. Ne4 Qe7 13. Nxc5 Qxc5 14. b4 Qxb4
15. Rb1 Qc5 16. Rxb7 O-O 17. Rb2 Rad8 18. Rd2 Rd6 19. Qc1 Qa5 20. Rc2 Nb4 21.
Qd2 d3 22. Rb2 dxe2 23. Qxd6 exf1=Q+ 24. Bxf1 Qd5 25. Qxd5 Bxd5 26. Rxb4 Bxf3
27. Bg2 Bxg2 28. Kxg2 Ra8 29. Rb5 Kf8 30. Ra5 Ke7 31. g4 Kd7 32. Kg3 a6 33. h4
Ra7 34. Kf4 Ke6 35. f3 Ra8 36. h5 f6 37. Kg3 g6 38. Kf4 Ra7 39. Ke4 Kd6 40. Kf4
Ke6 41. Ke3 Kd6 42. f4 Ra8 43. Kd4 Ra7 44. h6 Ra8 45. f5 gxf5 46. gxf5 Kc6 47.
Ra3 Rd8+ 48. Kc4 Kb6 49. Rb3+ Kc6 50. Re3 Rd5 51. Re6+ Rd6 52. Re8 Rd2 53. Rc8+
Kd7 54. Rh8 Rxa2 55. Rxh7+ Ke8 56. Ra7 Rh2 57. h7 Kf8 58. Kd5 a5 59. Ke6 a4 60.
Kxf6 1-0

[Event "Battle of the Sexes 2022"]
[Site "Gibraltar ENG"]
[Date "2022.02.02"]
[Round "9.8"]
[White "Abdumalik, Zhansaya"]
[Black "Rosen, Eric"]
[Result "1-0"]
[WhiteTitle "GM"]
[BlackTitle "IM"]
[WhiteElo "2491"]
[BlackElo "2356"]
[WhiteTeam "PIA"]
[BlackTeam "SABINO"]
[WhiteFideId "13703544"]
[BlackFideId "2032562"]
[EventDate "2022.01.24"]

1. e4 c5 2. Nf3 d6 3. d4 Nf6 4. Nc3 cxd4 5. Nxd4 g6 6. Be3 Bg7 7. f3 a6 8. Qd2
h5 9. O-O-O b5 10. Kb1 Bb7 11. h4 Nbd7 12. a3 Qc7 13. Be2 Rb8 14. Rc1 Ba8 15.
Na2 d5 16. Nb4 Qd6 17. Nb3 O-O 18. Rhd1 Nb6 19. Bc5 Qh2 20. Nxa6 Nc4 21. Qe1
Rbc8 22. Qg1 Qe5 23. Bd4 Qd6 24. Nb4 dxe4 25. fxe4 Bxe4 26. g4 Qe6 27. Bxc4 bxc4
28. Nc5 Rxc5 29. Bxc5 Nxg4 30. Ka2 Ra8 31. Bb6 Bh6 32. Rb1 c3+ 33. b3 Bd2 34.
Bc5 Qf6 35. Rf1 Qxh4 36. Qd4 f5 37. Qc4+ Kf8 38. Qxe4 Ra5 39. Qd4 Qf6 40. Qd8+
Kf7 41. Qxa5 Qe5 42. Qa7 Qe4 43. Qd7 h4 44. Rbd1 h3 45. Rxd2 cxd2 46. Qxd2 h2
47. Qd5+ Qxd5 48. Nxd5 e5 49. a4 Ke6 50. c4 1-0

[Event "Battle of the Sexes 2022"]
[Site "Gibraltar ENG"]
[Date "2022.02.02"]
[Round "9.9"]
[White "Sebag, Marie"]
[Black "Aziz, Husain"]
[Result "1/2-1/2"]
[WhiteTitle "GM"]
[BlackTitle "IM"]
[WhiteElo "2460"]
[BlackElo "2379"]
[WhiteTeam "PIA"]
[BlackTeam "SABINO"]
[WhiteFideId "617822"]
[BlackFideId "12100293"]
[EventDate "2022.01.24"]

1. e4 e5 2. Nf3 Nc6 3. Bb5 Nf6 4. d3 Bc5 5. Bxc6 dxc6 6. Nbd2 Be6 7. Qe2 Bd6 8.
b3 Qe7 9. a4 a5 10. O-O Nd7 11. Nc4 Bxc4 12. bxc4 b6 13. Kh1 Nc5 14. Bb2 O-O-O
15. Rfe1 Rhe8 16. Nd2 f6 17. Bc3 Qf7 18. Qf3 Kb7 19. Reb1 Ra8 20. Qe3 Red8 21.
f3 Qe7 22. Qe1 Kc8 23. Nb3 Nxb3 24. Rxb3 Bc5 25. Rab1 h5 26. Qh4 Kb7 27. Qe1 Bb4
28. Bxb4 axb4 29. Rxb4 c5 30. Rb5 Rxa4 31. Qf2 Kc6 32. f4 Rda8 33. h3 Ra1 34.
Qf3 h4 35. Qg4 Rxb1+ 36. Rxb1 Ra2 37. Rc1 exf4 38. Qxf4 g5 39. Qf5 Qe5 40. Qc8
Ra1 41. Rxa1 Qxa1+ 42. Kh2 Qe5+ 43. Kh1 Qa1+ 44. Kh2 Qe5+ 1/2-1/2

[Event "Battle of the Sexes 2022"]
[Site "Gibraltar ENG"]
[Date "2022.02.02"]
[Round "9.10"]
[White "Efroimski, Marsel"]
[Black "Cheng, Bobby"]
[Result "1/2-1/2"]
[WhiteTitle "IM"]
[BlackTitle "GM"]
[WhiteElo "2437"]
[BlackElo "2550"]
[WhiteTeam "PIA"]
[BlackTeam "SABINO"]
[WhiteFideId "2810964"]
[BlackFideId "4300033"]
[EventDate "2022.01.24"]

1. e4 e6 2. d4 d5 3. e5 c5 4. c3 Qb6 5. Nf3 Nc6 6. Be2 cxd4 7. cxd4 Nh6 8. Bxh6
Qxb2 9. Nbd2 gxh6 10. O-O Bd7 11. Rb1 Qxa2 12. Ra1 Qb2 13. Rb1 Qa2 14. Ra1 Qb2
15. Rb1 1/2-1/2

[Event "Battle of the Sexes 2022"]
[Site "Gibraltar ENG"]
[Date "2022.02.03"]
[Round "10.1"]
[White "Gallagher, Joseph G."]
[Black "Stefanova, Antoaneta"]
[Result "1/2-1/2"]
[WhiteTitle "GM"]
[BlackTitle "GM"]
[WhiteElo "2447"]
[BlackElo "2469"]
[WhiteTeam "SABINO"]
[BlackTeam "PIA"]
[WhiteFideId "1303422"]
[BlackFideId "2902257"]
[EventDate "2022.01.24"]

1. e4 e5 2. Nf3 Nc6 3. Bc4 Nf6 4. d3 Bc5 5. Nc3 a6 6. a4 h6 7. h3 d6 8. Be3 Nd4
9. Nd5 Nxd5 10. Bxd5 c6 11. Ba2 O-O 12. c3 Nxf3+ 13. Qxf3 Qb6 14. b4 Bxe3 15.
Qxe3 Qxe3+ 16. fxe3 a5 17. Ke2 Be6 18. Bxe6 fxe6 19. bxa5 1/2-1/2

[Event "Battle of the Sexes 2022"]
[Site "Gibraltar ENG"]
[Date "2022.02.03"]
[Round "10.2"]
[White "Krysa, Leandro"]
[Black "Muzychuk, Mariya"]
[Result "1/2-1/2"]
[WhiteTitle "GM"]
[BlackTitle "GM"]
[WhiteElo "2531"]
[BlackElo "2539"]
[WhiteTeam "SABINO"]
[BlackTeam "PIA"]
[WhiteFideId "116807"]
[BlackFideId "14114550"]
[EventDate "2022.01.24"]

1. d4 d5 2. c4 c6 3. Nf3 Nf6 4. Nc3 e6 5. Bg5 h6 6. Bh4 dxc4 7. e4 g5 8. Bg3 b5
9. Be2 Bb7 10. Qc2 Nh5 11. Rd1 Nd7 12. d5 exd5 13. exd5 cxd5 14. Nxd5 Nxg3 15.
hxg3 Bg7 16. Ne3 Qf6 17. Nf5 O-O-O 18. Nxg7 Qxg7 19. O-O Qg6 20. Qxg6 fxg6 21.
Nd4 a6 22. a4 Rhe8 23. axb5 axb5 24. Bg4 h5 25. Bxd7+ Rxd7 26. Nxb5 Re6 27. Rc1
Ba6 28. Na3 Rc7 29. Rfd1 g4 30. Rd4 Rec6 31. Rc3 Rd7 32. Rxd7 Kxd7 33. b3 cxb3
34. Rxb3 Rc1+ 35. Kh2 Kc6 36. Nb1 Kd5 37. Rb2 Bd3 38. Nd2 Rd1 39. f3 Kd4 40. Ne4
gxf3 41. Nf2 Re1 42. Nxd3 Kxd3 43. Rb3+ Kd4 44. gxf3 Ke5 1/2-1/2

[Event "Battle of the Sexes 2022"]
[Site "Gibraltar ENG"]
[Date "2022.02.03"]
[Round "10.3"]
[White "Rosen, Eric"]
[Black "Sukandar, Irine Kharisma"]
[Result "1/2-1/2"]
[WhiteTitle "IM"]
[BlackTitle "IM"]
[WhiteElo "2356"]
[BlackElo "2407"]
[WhiteTeam "SABINO"]
[BlackTeam "PIA"]
[WhiteFideId "2032562"]
[BlackFideId "7101937"]
[EventDate "2022.01.24"]

1. e4 e5 2. Nf3 Nc6 3. Nc3 Nf6 4. d4 exd4 5. Nxd4 Bb4 6. Nxc6 bxc6 7. Bd3 O-O 8.
O-O d5 9. exd5 cxd5 10. Bg5 c6 11. Qf3 h6 12. Bxf6 Qxf6 13. Qxf6 gxf6 14. Ne2
Rb8 15. Nd4 Rb6 16. Nf5 Bxf5 17. Bxf5 Re8 18. Bd3 Bc5 19. b3 Bb4 20. c4 d4 21.
Rac1 Bc3 22. Rc2 Re5 23. Re2 Rxe2 24. Bxe2 a5 25. Rb1 c5 26. a4 Kf8 27. Bd3 Re6
28. g3 Ke7 29. Kg2 1/2-1/2

[Event "Battle of the Sexes 2022"]
[Site "Gibraltar ENG"]
[Date "2022.02.03"]
[Round "10.4"]
[White "Csonka, Balazs"]
[Black "Efroimski, Marsel"]
[Result "1/2-1/2"]
[WhiteTitle "IM"]
[BlackTitle "IM"]
[WhiteElo "2474"]
[BlackElo "2437"]
[WhiteTeam "SABINO"]
[BlackTeam "PIA"]
[WhiteFideId "742910"]
[BlackFideId "2810964"]
[EventDate "2022.01.24"]

1. d4 d5 2. Nf3 Nf6 3. c4 e6 4. Nc3 c5 5. cxd5 Nxd5 6. g3 Nxc3 7. bxc3 Nc6 8.
Bg2 cxd4 9. Nxd4 Nxd4 10. Qxd4 Qxd4 11. cxd4 Bd6 12. a4 Rb8 13. a5 b5 14. axb6
axb6 15. Ba3 Bxa3 16. Rxa3 O-O 17. Kd2 Rd8 18. Ke3 Bb7 19. Bxb7 Rxb7 20. Rb1 Kf8
21. Rb5 Ke7 22. Rab3 Rd6 23. Kd3 Rc6 24. e4 Kd7 25. d5 exd5 26. exd5 Rh6 27. h4
Rg6 28. Kd4 Rb8 29. h5 Rd6 30. Ra3 Rc8 31. Ra7+ Rc7 32. Rxc7+ Kxc7 33. f4 Rd8
34. Rb3 Ra8 35. Rc3+ Kd7 36. Rc6 Ra4+ 37. Ke5 f6+ 38. Kf5 Rd4 39. Rxb6 Rxd5+ 40.
Ke4 Rxh5 41. Rb7+ Kd6 42. g4 Ra5 43. Rxg7 h5 44. gxh5 1/2-1/2

[Event "Battle of the Sexes 2022"]
[Site "Gibraltar ENG"]
[Date "2022.02.03"]
[Round "10.5"]
[White "Aziz, Husain"]
[Black "Cramling, Pia"]
[Result "1/2-1/2"]
[WhiteTitle "IM"]
[BlackTitle "GM"]
[WhiteElo "2379"]
[BlackElo "2452"]
[WhiteTeam "SABINO"]
[BlackTeam "PIA"]
[WhiteFideId "12100293"]
[BlackFideId "1700030"]
[EventDate "2022.01.24"]

1. e4 c5 2. Nf3 Nc6 3. Bb5 g6 4. O-O Bg7 5. c3 Nf6 6. Re1 O-O 7. d4 a6 8. Bxc6
dxc6 9. h3 cxd4 10. cxd4 c5 11. d5 b5 12. Nc3 Bb7 13. Bg5 Rc8 14. Rc1 Re8 15.
Qd2 Qa5 16. Bxf6 exf6 17. d6 Rcd8 18. Qf4 Re6 19. e5 Qb6 20. Rcd1 fxe5 21. Nxe5
Bxe5 22. Rxe5 Rdxd6 23. Rxe6 Rxd1+ 24. Nxd1 Qxe6 25. Ne3 Kg7 26. Qc7 Bd5 27. a3
c4 28. Qa7 Be4 29. Qd4+ Kf8 30. Qd8+ Kg7 31. Qd4+ f6 32. Qa7+ Kg8 33. Qb8+ Kg7
34. Qa7+ Kg8 35. Qb8+ Kf7 36. Qa7+ Kg8 1/2-1/2

[Event "Battle of the Sexes 2022"]
[Site "Gibraltar ENG"]
[Date "2022.02.03"]
[Round "10.6"]
[White "Brunello, Sabino"]
[Black "Abdumalik, Zhansaya"]
[Result "1/2-1/2"]
[WhiteTitle "GM"]
[BlackTitle "GM"]
[WhiteElo "2503"]
[BlackElo "2491"]
[WhiteTeam "SABINO"]
[BlackTeam "PIA"]
[WhiteFideId "813613"]
[BlackFideId "13703544"]
[EventDate "2022.01.24"]

1. d4 Nf6 2. Nf3 g6 3. Bg5 Bg7 4. Nbd2 d5 5. e3 Nbd7 6. Bd3 O-O 7. O-O Re8 8.
Re1 e5 9. e4 dxe4 10. Nxe4 exd4 11. Nxd4 h6 12. Nxf6+ Nxf6 13. Rxe8+ Qxe8 14.
Bd2 c5 15. Nf3 b6 16. Qf1 Bb7 17. Re1 Qf8 18. Ne5 Rd8 19. Re2 Nd5 20. Qe1 Qd6
21. a3 a6 22. Nc4 Qf6 23. Re8+ Rxe8 24. Qxe8+ Kh7 25. Qd7 Bc6 26. Qd6 Qxd6 27.
Nxd6 Bxb2 28. Bxa6 Bxa3 29. Nxf7 Bb4 30. Bxh6 Be8 31. Nd6 Ba4 32. Bg5 Bxc2 33.
Bc4 Nc3 34. Bd8 Na4 35. Bb5 Nc3 36. Bc4 Na4 37. Bb5 Nc3 1/2-1/2

[Event "Battle of the Sexes 2022"]
[Site "Gibraltar ENG"]
[Date "2022.02.03"]
[Round "10.7"]
[White "Haria, Ravi"]
[Black "Girya, Olga"]
[Result "1-0"]
[WhiteTitle "IM"]
[BlackTitle "GM"]
[WhiteElo "2490"]
[BlackElo "2405"]
[WhiteTeam "SABINO"]
[BlackTeam "PIA"]
[WhiteFideId "415820"]
[BlackFideId "4195752"]
[EventDate "2022.01.24"]

1. e4 e5 2. Nf3 Nc6 3. Bb5 a6 4. Ba4 Nf6 5. O-O Nxe4 6. d4 b5 7. Bb3 d5 8. dxe5
Be6 9. c3 Be7 10. Bc2 Bg4 11. Qe1 Bxf3 12. gxf3 Nc5 13. b4 Ne6 14. f4 g6 15. Qe2
Bf8 16. a4 Rb8 17. axb5 axb5 18. Kh1 Qh4 19. Qf3 Ne7 20. Qg3 Qh5 21. f3 Nf5 22.
Qg4 Qh6 23. Na3 Qg7 24. Bd2 h5 25. Qh3 Qh7 26. Bd3 c6 27. Nc2 Bh6 28. Bxf5 gxf5
29. Nd4 Nxd4 30. cxd4 Qg6 31. Rg1 Qe6 32. Qxh5 Kf8 33. Ra7 Bg7 34. Qg5 Rh7 35.
Rga1 Qh6 36. Qxh6 Rxh6 37. Rc7 Kg8 38. Raa7 Rf8 39. Be1 Bh8 40. Kg2 Bg7 41. Bg3
Rg6 42. Ra6 Re8 43. Rcxc6 Rxc6 44. Rxc6 Rb8 45. Be1 Bf8 46. Rc7 Ra8 47. Rb7 Ra2+
48. Kg3 Ra1 49. Bf2 Bxb4 50. Rxb5 Bd2 51. Rxd5 Kg7 52. Rd6 Ra2 53. h4 1-0

[Event "Battle of the Sexes 2022"]
[Site "Gibraltar ENG"]
[Date "2022.02.03"]
[Round "10.8"]
[White "Cheng, Bobby"]
[Black "Houska, Jovanka"]
[Result "1-0"]
[WhiteTitle "GM"]
[BlackTitle "IM"]
[WhiteElo "2550"]
[BlackElo "2365"]
[WhiteTeam "SABINO"]
[BlackTeam "PIA"]
[WhiteFideId "4300033"]
[BlackFideId "405094"]
[EventDate "2022.01.24"]

1. d4 d5 2. c4 e6 3. Nf3 Nf6 4. g3 Bb4+ 5. Bd2 Bd6 6. Bg2 c6 7. O-O Nbd7 8. b3
Ne4 9. Bc1 O-O 10. Qc2 Qe7 11. Bb2 f5 12. Nc3 b6 13. Rfd1 Bb7 14. e3 Nxc3 15.
Qxc3 a5 16. Qc2 Rac8 17. Rac1 Ba6 18. Qb1 Rfd8 19. Rc2 h6 20. Rdc1 Qe8 21. Qa1
Bf8 22. Ne1 Kh7 23. Nd3 g5 24. f3 dxc4 25. bxc4 c5 26. f4 cxd4 27. Bxd4 b5 28.
c5 b4 29. Nf2 e5 30. fxe5 Bg7 31. e6 Bxd4 32. exd7 Qxe3 33. dxc8=Q Rxc8 34. Re1
Qd3 35. Qd1 a4 36. Qxd3 Bxd3 37. Rd2 Rd8 38. c6 Ba6 39. Red1 1-0

[Event "Battle of the Sexes 2022"]
[Site "Gibraltar ENG"]
[Date "2022.02.03"]
[Round "10.9"]
[White "Bellahcene, Bilel"]
[Black "Sebag, Marie"]
[Result "1-0"]
[WhiteTitle "GM"]
[BlackTitle "GM"]
[WhiteElo "2508"]
[BlackElo "2460"]
[WhiteTeam "SABINO"]
[BlackTeam "PIA"]
[WhiteFideId "696358"]
[BlackFideId "617822"]
[EventDate "2022.01.24"]

1. e4 c5 2. Nf3 d6 3. d4 cxd4 4. Nxd4 Nf6 5. Nc3 a6 6. Be3 e5 7. Nb3 Be6 8. h3
Nbd7 9. g4 h6 10. Qd2 b5 11. Bg2 Rc8 12. Nd5 Bxd5 13. exd5 Nb6 14. Bxb6 Qxb6 15.
Na5 Be7 16. Nc6 Bd8 17. Qb4 Qc5 18. Qxc5 dxc5 19. O-O-O Nd7 20. d6 Bh4 21. Rhf1
Kf8 22. Kb1 g6 23. a4 Kg7 24. Na7 Rb8 25. axb5 axb5 26. Bc6 Nf8 27. Bd5 Nd7 28.
f4 exf4 29. Rxf4 Nf6 30. Bg2 Rb6 31. Nc6 Ra6 32. c3 Rha8 33. Kc2 Bg5 34. Rf2 Ra1
35. Rff1 Rxd1 36. Rxd1 Re8 37. Bf1 Nd7 38. Bxb5 Re3 39. Na5 Nf8 40. d7 Ne6 41.
Nb7 Nd8 42. Nxd8 Bxd8 43. Bf1 Kf6 44. Kb3 Re4 45. Bg2 Re2 46. Bc6 Ke6 47. Bb5
Re3 48. Kc4 Re5 49. Bc6 h5 50. Kb5 hxg4 51. hxg4 f5 52. gxf5+ gxf5 53. Ka6 Re2
54. b4 Rc2 55. b5 Rxc3 56. Kb7 f4 57. Kc8 Ke7 58. Rh1 Rg3 59. Rh8 1-0

[Event "Battle of the Sexes 2022"]
[Site "Gibraltar ENG"]
[Date "2022.02.03"]
[Round "10.10"]
[White "Bwalya, Gillan"]
[Black "Mammadzada, Gunay"]
[Result "1/2-1/2"]
[WhiteTitle "IM"]
[BlackTitle "IM"]
[WhiteElo "2410"]
[BlackElo "2470"]
[WhiteTeam "SABINO"]
[BlackTeam "PIA"]
[WhiteFideId "8700257"]
[BlackFideId "13403729"]
[EventDate "2022.01.24"]

1. d4 Nf6 2. c4 e6 3. Nc3 Bb4 4. Qb3 a5 5. a3 Bxc3+ 6. Qxc3 O-O 7. Bg5 d6 8. e3
b6 9. Bd3 Bb7 10. f3 Nbd7 11. Ne2 Rc8 12. b4 h6 13. Bh4 c5 14. O-O cxb4 15. axb4
Ba6 16. Qb3 Re8 17. bxa5 bxa5 18. Be1 Qb6 19. Qxb6 Nxb6 20. Bxa5 Bxc4 21. Rfd1
Bxd3 22. Rxd3 Rc2 23. Rd2 Rec8 24. Rad1 Rxd2 25. Rxd2 Nc4 26. Rc2 d5 27. Bd2 Rb8
28. Kf2 Rb3 29. Bc1 Nd7 30. Rc3 Rb5 31. Rc2 Ra5 32. Bd2 Ra1 33. Bc3 Ra3 34. Bd2
Nb8 35. Bc1 Ra1 36. Bd2 Nc6 37. Bc3 Rf1+ 38. Kxf1 Nxe3+ 39. Ke1 Nxc2+ 40. Kd2
Na3 41. Kd3 Nb5 42. Bd2 Kf8 43. Be1 Ke7 44. Bd2 Kd6 45. Be1 Na3 46. Bg3+ Kd7 47.
Be1 Nc4 48. Bc3 Ke7 49. Be1 Nd6 50. Bd2 Nf5 51. Be1 h5 52. Bf2 Kf6 53. Nc3 Ke7
54. Ne2 Kd7 55. Nf4 g6 56. Ne2 Kd6 57. Nc3 e5 58. Nb5+ Kd7 59. dxe5 Nxe5+ 60.
Kc3 Nd6 61. Nd4 Nc6 62. Ne2 Nf5 63. Kd3 Kd6 64. Kd2 h4 65. g4 hxg3 66. hxg3 Ne5
67. Ng1 Ng7 68. Ke2 Ne6 69. Nh3 d4 70. Be1 Kd5 71. Nf2 f5 72. Bd2 Nc5 73. Nd1
d3+ 74. Kf2 Nb3 75. Bh6 Nd4 76. Nb2 Nc2 77. Bf4 d2 78. Bxd2 Nd4 79. f4 Nc4 80.
Nxc4 Kxc4 81. Ba5 Kd3 82. Bb6 1/2-1/2